Alapanyag a gyógyszeriparnak
Elmentve itt :
| Szerző: | |
|---|---|
| Dokumentumtípus: | Cikk |
| Megjelent: |
1975-11-10
|
| Sorozat: | Délmagyarország
65 No. 263 |
| Kulcsszavak: | Móra Ferenc Tsz. |
| Online Access: | http://dmarchiv.bibl.u-szeged.hu/108284 |
| LEADER | 00455nab a2200157 i 4500 | ||
|---|---|---|---|
| 001 | delm108284 | ||
| 005 | 20190423115214.0 | ||
| 008 | 190423s1975 hu o 0|| hun d | ||
| 040 | |a SZTE Délmagyarország Archívum |b hun | ||
| 041 | |a hun | ||
| 100 | 1 | |a Gyenes Kálmán | |
| 245 | 1 | 0 | |a Alapanyag a gyógyszeriparnak |h [elektronikus dokumentum] / |c Gyenes Kálmán |
| 260 | |c 1975-11-10 | ||
| 300 | |a 3 | ||
| 490 | 0 | |a Délmagyarország |v 65 No. 263 | |
| 695 | |a Móra Ferenc Tsz. | ||